000 01244nam a22002657a 4500
003 MN-UlNLM
005 20260310095005.0
008 260305b mp ||||| |||| 00| 0 mon d
040 _aМонгол Улсын Үндэсний номын сан
_cMN-UlNLM
_dMN-UlNLM
_erda
041 _amon
043 _ae-ru-----
084 _210-t
_q85
100 _aАлтанзаяа Отгондоогийн
_cЗохиогч
_qОтгондоогийн Алтанзаяа
110 _aМонгол Улсын боловсролын яам Соёл урлагийн их сургууль
245 _aМонголын соёл, урлагийн хөгжилд сономын лувсанванданы гүйцэтгэсэн үүрэг
_bСоёл судлалын доктор (Ph.D) -ын зэрэг горилсон бүтээл
_cУдирдагч: Ж.Долгорсүрэн
264 _aУлаанбаатар
_c2024
300 _a176 хуудас
_c30 см
336 _2rdacontent
_atext
_btxt
337 _2rdamedia
_avideo
_bv
338 _2rdacarrier
_avolume
_bnc
546 _amon
651 _aСоёл урлагийн шинжлэх ухаан
653 _aсоёл, урлаг
_aС.Лувсанвандан
942 _cDIS
999 _c1156204
_d1156261